| 000 | 00716nam a2200253 4500 | ||
|---|---|---|---|
| 001 | 120534 | ||
| 003 | ES-MaBCM | ||
| 005 | 20241016143551.0 | ||
| 008 | 051221s1965 esp spa d | ||
| 017 | _aM.10913-1965 | ||
| 021 | _axx | ||
| 035 | _a(OCoLC)433618304 | ||
| 040 | _cES-MaBCM | ||
| 041 | 0 | _aspa | |
| 100 | 1 |
_aAguilera Gamoneda, Joaquín de _9448 |
|
| 245 | 1 | 3 |
_aLa realización en televisión _cJoaquín de Aguilera Gamoneda |
| 260 |
_aMadrid : _b[s.n.], _c1965 |
||
| 300 |
_a141 p. _c19 cm |
||
| 440 | 0 |
_aServicio de formación de Televisión Española _9108518 _v1 |
|
| 650 | 7 |
_aTelevisión _960428 |
|
| 650 | 2 | 7 |
_aFormación profesional _958741 |
| 651 | 2 | 4 |
_aEspaña _9115342 |
| 942 | _cBK | ||
| 999 |
_c120534 _d120534 |
||